Sports Quiz

Random Sports or Soccer Quiz

UEFA Teams of the Last 15 Years Quiz Stats

 Plays Quiz Updated Jan 15, 2020

     
Support Sporcle.
Go Orange.
Score 0/171 Timer 18:00
23 Plays Today
Year Player % Correct
2020Cristiano Ronaldo
97.7%
2020Lionel Messi
97.6%
2009Cristiano Ronaldo
97.5%
2010Cristiano Ronaldo
97.5%
2011Cristiano Ronaldo
97.5%
2012Cristiano Ronaldo
97.5%
2013Cristiano Ronaldo
97.5%
2014Cristiano Ronaldo
97.5%
2015Cristiano Ronaldo
97.5%
2016Cristiano Ronaldo
97.5%
2017Cristiano Ronaldo
97.5%
2007Cristiano Ronaldo
97.5%
2008Cristiano Ronaldo
97.5%
2019Cristiano Ronaldo
97.3%
2019Lionel Messi
97.2%
2009Lionel Messi
97.2%
2010Lionel Messi
97.2%
2011Lionel Messi
97.2%
2012Lionel Messi
97.2%
2014Lionel Messi
97.2%
2015Lionel Messi
97.2%
2016Lionel Messi
97.2%
2017Lionel Messi
97.2%
2008Lionel Messi
97.1%
2020Manuel Neuer
91.7%
2020Sergio Ramos
90.2%
2018Lionel Messi
89.4%
2014Sergio Ramos
88.2%
2012Sergio Ramos
88.2%
2013Sergio Ramos
88.2%
2015Sergio Ramos
88.2%
2016Sergio Ramos
88.2%
2017Sergio Ramos
88.2%
2008Sergio Ramos
87.9%
2020Neymar
87.6%
2014Manuel Neuer
86.3%
2013Manuel Neuer
86.3%
2015Manuel Neuer
86.3%
2020Robert Lewandowski
86%
2006Gianluigi Buffon
85.9%
2016Gianluigi Buffon
85.9%
2017Gianluigi Buffon
85.9%
2010Andrés Iniesta
85.3%
2009Andrés Iniesta
85.3%
2011Andrés Iniesta
85.3%
2012Andrés Iniesta
85.3%
2015Andrés Iniesta
85.3%
2016Andrés Iniesta
85.3%
2011Xavi
84.2%
2009Xavi
84.2%
2010Xavi
84.2%
2012Xavi
84.2%
2008Xavi
84.2%
2019Virgil van Dijk
84.1%
2020Virgil van Dijk
83.8%
2007Iker Casillas
83.8%
2008Iker Casillas
83.8%
Year Player % Correct
2009Iker Casillas
83.7%
2010Iker Casillas
83.7%
2011Iker Casillas
83.7%
2012Iker Casillas
83.7%
2015Neymar
83.1%
2019Alisson Becker
81%
2016Luka Modrić
80.2%
2017Luka Modrić
80.2%
2012Gerard Piqué
80%
2015Gerard Piqué
80%
2016Gerard Piqué
80%
2010Gerard Piqué
80%
2011Gerard Piqué
80%
2018Cristiano Ronaldo
79.9%
2019Robert Lewandowski
77.9%
2011Marcelo
76.2%
2017Marcelo
76.2%
2019Sadio Mané
75.7%
2018Marc-André ter Stegen
75%
2014Toni Kroos
73.6%
2016Toni Kroos
73.6%
2017Toni Kroos
73.6%
2006Steven Gerrard
73.2%
2007Steven Gerrard
73.2%
2010José Mourinho
73%
2019Trent Alexander-Arnold
72.1%
2011Arjen Robben
71.3%
2019Andrew Robertson
71.2%
2009Josep Guardiola
71.1%
2011Josep Guardiola
71.1%
2006Carles Puyol
71.1%
2008Carles Puyol
71.1%
2009Carles Puyol
71%
2010Carles Puyol
71%
2014Arjen Robben
71%
2018Luka Modrić
70.9%
2009Dani Alves
70.8%
2011Dani Alves
70.8%
2015Dani Alves
70.8%
2017Dani Alves
70.8%
2007Dani Alves
70.6%
2018Marcelo
70.6%
2018Virgil van Dijk
70.4%
2006Thierry Henry
70.3%
2006Ronaldinho
68.6%
2013Franck Ribéry
67%
2008Franck Ribéry
66.8%
2013Philipp Lahm
66.7%
2012Philipp Lahm
66.7%
2014Philipp Lahm
66.7%
2020Kevin De Bruyne
66.6%
2006Philipp Lahm
66.5%
2008Philipp Lahm
66.5%
2018Sergio Ramos
65.9%
2009Zlatan Ibrahimović
64.9%
2014Zlatan Ibrahimović
64.9%
2013Zlatan Ibrahimović
64.9%
Year Player % Correct
2007Zlatan Ibrahimović
64.9%
2020Joshua Kimmich
64.2%
2018Raphaël Varane
63.4%
2007John Terry
62.9%
2008John Terry
62.9%
2009John Terry
62.7%
2019Kevin De Bruyne
62%
2006Kaká
61.9%
2007Kaká
61.9%
2009Kaká
61.8%
2007Didier Drogba
61.6%
2011Gareth Bale
60.1%
2013Gareth Bale
60.1%
2020Alphonso Davies
60%
2013Thiago Silva
59.2%
2011Thiago Silva
59.2%
2012Thiago Silva
59.2%
2018Kylian Mbappé
58.8%
2006Samuel Eto'o
58.8%
2018Eden Hazard
57.9%
2012Andrea Pirlo
57.6%
2018N'Golo Kanté
56.6%
2007Sir Alex Ferguson
56.4%
2008Sir Alex Ferguson
56.4%
2016Jérôme Boateng
56%
2015Paul Pogba
55.6%
2020Thiago Alcântara
54.3%
2017Kevin De Bruyne
54.2%
2017Giorgio Chiellini
54%
2008Fernando Torres
53.6%
2013David Alaba
51%
2014David Alaba
51%
2015David Alaba
51%
2006Fabio Cannavaro
50.8%
2019Matthijs de Ligt
50.3%
2010David Villa
50.2%
2016Antoine Griezmann
49.9%
2007Alessandro Nesta
49.7%
2019Frenkie de Jong
49.5%
2017Eden Hazard
49.2%
2016Leonardo Bonucci
47.2%
2010Ashley Cole
47.1%
2010Wesley Sneijder
44.1%
2014Ángel Di María
41.3%
2012Mesut Özil
41.2%
2013Mesut Özil
41.2%
2009Patrice Evra
38.1%
2013Marco Reus
36.3%
2006Cesc Fàbregas
35.5%
2008Cesc Fàbregas
35.5%
2007Clarence Seedorf
33.2%
2007Éric Abidal
32.9%
2010Maicon
32.2%
2014Diego Godín
31.2%
2006Frank Rijkaard
29.2%
2006Gianluca Zambrotta
28.7%
2015James Rodríguez
27.6%

From the Vault

TV Character Name Game

by zalkon2004

Don't play the blame game while remembering those TV character names.
Remove Ads.
Support Sporcle.
Get the best of Sporcle when you Go Orange. This ad-free experience offers more features, more stats, and more fun while also helping to support Sporcle. Thank you for becoming a member.

Show Comments

Extras

Top Quizzes Today


Score Distribution

Your Account Isn't Verified!

In order to create a playlist on Sporcle, you need to verify the email address you used during registration. Go to your Sporcle Settings to finish the process.

Report this User

Report this user for behavior that violates our Community Guidelines.

Details: